000 00483nam a2200181Ia 4500
008 240925s9999 xx 000 0 und d
020 _a9789332557550
082 _a621.317 BOS
100 _aBose, Bimal K.
245 0 _aModern Power Electronics and AC Drives
250 _aNA
260 _aNew Delhi:
_bPearson Education
_c,2016.
300 _axxvi, 1101p.
_b0
_fOriginal
500 _aIncludes Index
600 _aElectronic Engineering
650 _aTechnology
942 _cBK
999 _c13832
_d13832